Dunkel report on the Uruguay round on multilateral trade negotiations : text and implications (Record no. 362690)

000 -LEADER
fixed length control field 00500cam a22001457a 4500
008 - FIXED-LENGTH DATA ELEMENTS--GENERAL INFORMATION
fixed length control field 180718b1993 xxu||||| |||| 00| 0 eng d
082 ## - DEWEY DECIMAL CLASSIFICATION NUMBER
Classification number T39 D921
245 ## - TITLE STATEMENT
Title Dunkel report on the Uruguay round on multilateral trade negotiations : text and implications
Statement of responsibility, etc. edited by Anil Kumar and Sunil K. Garg
260 ## - PUBLICATION, DISTRIBUTION, ETC.
Place of publication, distribution, etc. Delhi
Name of publisher, distributor, etc. Anupam
Date of publication, distribution, etc. 1993
300 ## - PHYSICAL DESCRIPTION
Extent 334p.
650 ## - SUBJECT ADDED ENTRY--TOPICAL TERM
Topical term or geographic name entry element International Trade
650 ## - SUBJECT ADDED ENTRY--TOPICAL TERM
Topical term or geographic name entry element General Agreement on Trde and Tarriffs ( GATT )
700 ## - ADDED ENTRY--PERSONAL NAME
Personal name Garg, Sunil K.
700 ## - ADDED ENTRY--PERSONAL NAME
Personal name Anil Kumar
Holdings
Withdrawn status Lost status Damaged status Not for loan Permanent Location Current Location Date acquired Full call number Barcode Date last seen Price effective from Koha item type
        Indian Institute of Public Administration Indian Institute of Public Administration 1994-11-08 T39 D921 67974 2018-07-21 2018-07-21 Book

Powered by Koha